000 01765nas a2200373 c 4500
001 291840
003 BLK
005 20240403090110.0
008 180413b bul raner|||| |0| c1bulo|
010 _aPRD00002976000
022 _aC602-9434
040 _aBLK
041 _aBUL
_cBUL
080 _aСоциални въпроси в цялост. Критика на социалната организация. Социални реформо(общо). Практически социални проблеми. Социална политика (общи въпроси). Вж и 141.82;308;331;351.83
_b304
_x(497.215)
_z304(497.215)
110 1 _aИзд. на Фирма Тетраедър, Рекламно-информ. агенция Реинфа - Русе
_9358269
245 1 0 _aВЕЧЕРНА ПОЩА
_bВестник за бизнес, реклама и социални контакти
_cИзд. на Фирма Тетраедър, Рекламно-информ. агенция Реинфа - Русе
_fНачална год. на издаване: Год. 1, № 1 (1991),
257 _aBGR
260 _bФирма Тетраедър : Рекламно-информ. агенция Реинфа - Русе
_c1991
_fДФ Дунав-прес
300 _c42
310 _bабонамент за: 1992
_cдепозит за: 1992
_eсрок за съхранение: 99
380 _a3
852 _aВ 850
852 _aК 0/В 33
856 _qpdf
_u
856 _qpdf
_u
942 _cNSP
_n0
_s1
_01
944 _aCR
_cВася_Ганчева
_k30540
_lСевдалина Тодорова
944 _aED
_k03.06.2014
999 _c291840
_d291840
999 _d291840
999 _d291840
999 _d291840
999 _d291840
999 _d291840